Estatísticas para Países mais próximos do Canadá pelas duas primeiras letras

Clique aqui para jogar o quiz

Estatísticas Gerais

  • Esse quiz foi jogado 313 vezes
  • A pontuação média é 11 de 20

Estatísticas das Respostas

kmpaís% Correto
0Estados Unidos
100%
1809México
97%
26Gronelândia (Dinamarca)
78%
2065Cuba
77%
1238Rússia
67%
1232Bermuda (Reino Unido)
66%
2733Guatemala
66%
2644República Dominicana
66%
1657Bahamas
65%
2625Jamaica
61%
2832São Martinho (Holanda)
58%
2642Belize
55%
1638Islândia
50%
2823Honduras
49%
2582Haiti
45%
8São Pedro e Miquelon (França)
38%
1928Açores (Portugal)
37%
2200Noruega
24%
2352Suécia
22%
2342Finlândia
20%

Distribuição das Pontuações

Percentil de Números Respondidos

Porcentagem de Pessoas com Cada Pontuação

Sua Pontuação Histórica

Você não jogou esse quiz